000 00521nam a2200157Ia 4500
008 220216s9999 xx 000 0 und d
100 _aThomas M
245 0 _aRelationship between yield attributes and ionic composition of latex in Hevea clones
260 _bIRRI-IRRDB International Rubber Conference 2009, 26-27 October 2009, Bogor, Indonesia, Paper 17.
_c2009
700 _aAbraham J
700 _aGopalakrishnan J
700 _aJacob J
700 _aKrishnakumar R.
700 _aPrasannakumari P.
942 _cBS
999 _c49628
_d49628